Evaluación del efecto del flujo volumétrico, de la concentración de sustrato y de microorganismos comerciales en la biodegradación de los desechos líquidos de un ingenio azucarero
Gespeichert in:
| 1. Verfasser: | |
|---|---|
| Format: | Buch |
| Veröffentlicht: |
San José, [Costa Rica]
2008
|
| Schlagworte: | |
| Tags: |
Tag hinzufügen
Keine Tags, Fügen Sie den ersten Tag hinzu!
|
MARC
| LEADER | 00000nam a2200000Ia 4500 | ||
|---|---|---|---|
| 003 | 001308 | ||
| 005 | 20221231144051.0 | ||
| 008 | 140114s2008 cr a 000 ||s d | ||
| 040 | |c cru CEDI | ||
| 090 | |a TFG 5831 | ||
| 100 | |a Sánchez Villalobos, Laura |9 3910 | ||
| 245 | |a Evaluación del efecto del flujo volumétrico, de la concentración de sustrato y de microorganismos comerciales en la biodegradación de los desechos líquidos de un ingenio azucarero | ||
| 260 | |c 2008 |b San José, [Costa Rica] | ||
| 300 | |a xii, 65 páginas; ilustraciones | ||
| 500 | |a Proyecto de graduación (licenciatura en ingeniería química)--Universidad de Costa Rica. Facultad de Ingeniería. Escuela de Ingeniería Química | ||
| 650 | |x AGUAS RESIDUALES |x TRATAMIENTO |x PURIFICACION DE AGUAS RESIDUALES |x BIODEGRADACION DE AGUAS RESIDUALES |x RESIDUOS ORGANICOS |x PRODUCTOS QUIMICOS |x MICROORGANISMOS |x INDUSTRIA AZUCARERA |x LAGUNAS DE ESTABILIZACION |9 3911 | ||
| 942 | |c TFG | ||
| 999 | |c 16404 |d 16404 | ||
